<?xml version="1.0" encoding="UTF-8"?>
<collection xmlns="http://www.loc.gov/MARC21/slim">
    <record>
        <controlfield tag="001">105964</controlfield>
        <controlfield tag="005">20210615091223.0</controlfield>
        <datafield tag="037" ind1=" " ind2=" ">
            <subfield code="a">GDOC-2020-69329</subfield>
        </datafield>
        <datafield tag="041" ind1=" " ind2=" ">
            <subfield code="a">spa</subfield>
        </datafield>
        <datafield tag="041" ind1=" " ind2=" ">
            <subfield code="a">eng</subfield>
        </datafield>
        <datafield tag="100" ind1=" " ind2=" ">
            <subfield code="0">(orcid)0000-0003-3165-0156</subfield>
            <subfield code="1">308425</subfield>
            <subfield code="a">Manuel Arruebo, Gordo</subfield>
        </datafield>
        <datafield tag="245" ind1="0" ind2="0">
            <subfield code="9">69329</subfield>
            <subfield code="a">Trabajo fin de Máster (Biomecánica y biomateriales avanzados)</subfield>
        </datafield>
        <datafield tag="242" ind1="0" ind2="0">
            <subfield code="9">69329</subfield>
            <subfield code="a">Master's Dissertation</subfield>
        </datafield>
        <datafield tag="260" ind1=" " ind2=" ">
            <subfield code="a">Zaragoza</subfield>
            <subfield code="b">Universidad de Zaragoza</subfield>
            <subfield code="c">2020-2021</subfield>
        </datafield>
        <datafield tag="521" ind1=" " ind2=" ">
            <subfield code="9">629</subfield>
            <subfield code="a">Máster Universitario en Ingeniería Biomédica</subfield>
            <subfield code="b">Master's in Biomedical Engineering</subfield>
        </datafield>
        <datafield tag="540" ind1=" " ind2=" ">
            <subfield code="a">by-nc-sa</subfield>
            <subfield code="b">Creative Commons</subfield>
            <subfield code="c">3.0</subfield>
            <subfield code="u">http://creativecommons.org/licenses/by-nc-sa/3.0/</subfield>
        </datafield>
        <datafield tag="700" ind1=" " ind2=" ">
            <subfield code="0">(orcid)0000-0002-9687-4903</subfield>
            <subfield code="1">139668</subfield>
            <subfield code="a">Miguel Castro, Corella</subfield>
        </datafield>
        <datafield tag="700" ind1=" " ind2=" ">
            <subfield code="0">(orcid)0000-0001-5559-8757</subfield>
            <subfield code="1">695002</subfield>
            <subfield code="a">Raluca Maria Fratila,  </subfield>
        </datafield>
        <datafield tag="700" ind1=" " ind2=" ">
            <subfield code="0">(orcid)0000-0002-9864-7683</subfield>
            <subfield code="1">306733</subfield>
            <subfield code="a">José Manuel García, Aznar</subfield>
        </datafield>
        <datafield tag="700" ind1=" " ind2=" ">
            <subfield code="0">(orcid)0000-0002-5618-7519</subfield>
            <subfield code="1">386645</subfield>
            <subfield code="a">Miguel Ángel de Gregorio, Ariza</subfield>
        </datafield>
        <datafield tag="700" ind1=" " ind2=" ">
            <subfield code="0">(orcid)0000-0003-2366-3598</subfield>
            <subfield code="1">459305</subfield>
            <subfield code="a">Lucia Gutiérrez, Marruedo</subfield>
        </datafield>
        <datafield tag="700" ind1=" " ind2=" ">
            <subfield code="0">(orcid)0000-0002-7477-8742</subfield>
            <subfield code="1">502634</subfield>
            <subfield code="a">Raquel Manzano, Martínez</subfield>
        </datafield>
        <datafield tag="700" ind1=" " ind2=" ">
            <subfield code="0">(orcid)0000-0003-3223-1324</subfield>
            <subfield code="1">114943</subfield>
            <subfield code="a">José Javier Marín, Zurdo</subfield>
        </datafield>
        <datafield tag="700" ind1=" " ind2=" ">
            <subfield code="0">(orcid)0000-0002-0664-5024</subfield>
            <subfield code="1">407557</subfield>
            <subfield code="a">Estefanía Peña, Baquedano</subfield>
        </datafield>
        <datafield tag="700" ind1=" " ind2=" ">
            <subfield code="0">(orcid)0000-0003-2242-6822</subfield>
            <subfield code="1">365513</subfield>
            <subfield code="a">José Ignacio Peña, Torre</subfield>
        </datafield>
        <datafield tag="700" ind1=" " ind2=" ">
            <subfield code="0">(orcid)0000-0002-2901-4188</subfield>
            <subfield code="1">408212</subfield>
            <subfield code="a">María de los Ángeles Pérez, Ansón</subfield>
        </datafield>
        <datafield tag="700" ind1=" " ind2=" ">
            <subfield code="0">(orcid)0000-0002-6873-5244</subfield>
            <subfield code="1">437168</subfield>
            <subfield code="a">Victor Sebastián, Cabeza</subfield>
        </datafield>
        <datafield tag="830" ind1=" " ind2=" ">
            <subfield code="9">547</subfield>
        </datafield>
        <datafield tag="856" ind1="4" ind2=" ">
            <subfield code="s">16229</subfield>
            <subfield code="u">http://zaguan.unizar.es/record/105964/files/guia-69329-es.pdf</subfield>
            <subfield code="y">Guía (idioma español)</subfield>
        </datafield>
        <datafield tag="856" ind1="4" ind2=" ">
            <subfield code="s">9117</subfield>
            <subfield code="u">http://zaguan.unizar.es/record/105964/files/guia-69329-en.pdf</subfield>
            <subfield code="y">Guide (english)</subfield>
        </datafield>
        <datafield tag="970" ind1=" " ind2=" ">
            <subfield code="a">GDOC-2020-69329</subfield>
        </datafield>
        <datafield tag="980" ind1=" " ind2=" ">
            <subfield code="a">GDOC</subfield>
            <subfield code="b">Engineering and Architecture</subfield>
            <subfield code="b">Ingeniería y Arquitectura</subfield>
            <subfield code="c">110</subfield>
        </datafield>
    </record>

    
</collection>